| 000 -CABECERA |
| fixed length control field |
00881nam a22002297a 4500 |
| 003 - IDENTIFICADOR DEL NÚMERO DE CONTROL |
| control field |
AR-CdUCM |
| 008 - DATOS DE LONGITUD FIJA--INFORMACIÓN GENERAL |
| fixed length control field |
190226b ||||| |||| 00| 0 spa d |
| 020 ## - NÚMERO INTERNACIONAL ESTÁNDAR DEL LIBRO |
| ISBN |
8489290237 |
| 040 ## - FUENTE DE LA CATALOGACIÓN |
| Agencia/entidad que catalogó originalmente la obra |
MUNICIPALIDAD PROVINCIAL DEL CUSCO |
| Entidad que transcribió la catalogación |
BIBLIOTECA MUNICIPAL DEL CUSCO |
| 082 ## - NÚMERO DE LA CLASIFICACIÓN DECIMAL DEWEY |
| No. de Clasificación |
261 / |
| Notacion interna |
G85 |
| 100 ## - ENTRADA PRINCIPAL--NOMBRE DE PERSONA |
| Nombre Personal |
Guallart, Jose Maria |
| 245 ## - MENCIÓN DE TÍTULO |
| Título |
Grupos Nativos en los Territorios Eclesiásticos de Latinoamerica / |
| 260 ## - PUBLICACIÓN, DISTRIBUCIÓN, ETC. |
| Lugar de publicación, distribución, etc. |
Lima : |
| Nombre de la editorial, distribuidor, etc. |
CAAAP, |
| Fecha de publicación, distribución, etc. |
1992. |
| 300 ## - DESCRIPCIÓN FÍSICA |
| Nº de Páginas Extensión |
80 paginas ; |
| Otros detalles físicos |
90 mapas |
| Dimensiones |
28 cm. |
| 505 ## - NOTA DE CONTENIDO CON FORMATO |
| Nota de contenido formateada |
Territorios eclesiásticos -- Grupos nativos según territorios eclesiásticos -- Grupos nativos por naciones -- Indice general de etnias -- Grupos lingüísticos por naciones... |
| 650 ## - PUNTO DE ACCESO ADICIONAL DE MATERIA--TÉRMINO DE MATERIA |
| Descriptor |
Etnias tribales |
| 9 (RLIN) |
4276 |
| 650 ## - PUNTO DE ACCESO ADICIONAL DE MATERIA--TÉRMINO DE MATERIA |
| Descriptor |
Misiones |
| 9 (RLIN) |
900 |
| 650 ## - PUNTO DE ACCESO ADICIONAL DE MATERIA--TÉRMINO DE MATERIA |
| Descriptor |
Vicarios Apostolicos |
| 9 (RLIN) |
4277 |
| 650 ## - PUNTO DE ACCESO ADICIONAL DE MATERIA--TÉRMINO DE MATERIA |
| Descriptor |
Evangelizacion |
| 9 (RLIN) |
4278 |
| 942 ## - ELEMENTOS DE PUNTO DE ACCESO ADICIONAL (KOHA) |
| Fuente de clasificación |
|
| Tipo de item |
Libros-BMC |
| 945 ## - PROCESAMIENTO DE INFORMACIÓN LOCAL (OCLC) |
| Catalogador |
wnts |
| AAAA-MM-DD - Fecha de ingreso o modificacion |
2019-02-26 |